[Event "Alonso Leira Memorial 2nd"]
[Site "Ferrol"]
[Date "2001.12.29"]
[Round "4.4"]
[White "Abella Vazquez, Carlos Manuel"]
[Black "Lopez Rodriguez, Walter"]
[Result "1/2-1/2"]
[WhiteElo "2205"]
[BlackElo "2037"]
[PlyCount "44"]
[EventDate "2001.12.26"]
[EventType "tourn"]
[EventRounds "10"]
[EventCountry "ESP"]
[SourceTitle "EXT 2003"]
[Source "ChessBase"]
[SourceDate "2002.11.25"]
[SourceVersion "1"]
[SourceVersionDate "2002.11.25"]
[SourceQuality "1"]

1. f4 d5 2. b3 Nc6 3. e3 e5 4. fxe5 Nxe5 5. Nf3 Bg4 6. Be2 Nxf3+ 7. Bxf3 Qh4+ 8. Kf1 Bxf3 9. Qxf3 Qf6 10. Nc3 Qxf3+ 11. gxf3 0-0-0 12. Ne2 Be7 13. Bb2 Bf6 14. Bxf6 Nxf6 15. Rg1 g6 16. b4 Rhe8 17. Nd4 Nd7 18. a4 Re5 19. a5 Rh5 20. Rg2 a6 21. Rb1 Nf8 22. Kg1 Ne6 1/2-1/2

[Event "Alonso Leira Memorial 1st"]
[Site "Ferrol"]
[Date "2001.01.04"]
[Round "8"]
[White "Fernandez Bouza, Francisco"]
[Black "Abella Vazquez, Carlos Manuel"]
[Result "1-0"]
[WhiteElo "2189"]
[BlackElo "2203"]
[PlyCount "61"]
[EventDate "2000.12.27"]
[EventType "tourn"]
[EventRounds "9"]
[EventCountry "ESP"]
[EventCategory "3"]
[SourceTitle "EXT 2002"]
[Source "ChessBase"]
[SourceDate "2001.11.25"]
[SourceVersion "1"]
[SourceVersionDate "2001.11.25"]
[SourceQuality "1"]

1. e4 e6 2. d4 d5 3. Nc3 Nf6 4. e5 Nfd7 5. f4 c5 6. Nf3 a6 7. Be3 Qb6 8. a3 Nc6 9. Na4 Qa5+ 10. c3 cxd4 11. b4 Qc7 12. cxd4 b5 13. Nc5 Qb6 14. Bd3 a5 15. Bd2 Nxc5 16. bxc5 Qb7 17. Qb1 Rb8 18. 0-0 g6 19. g4 h5 20. h3 hxg4 21. hxg4 Bd7 22. Kg2 Kd8 23. Qb2 a4 24. Rab1 Na7 25. Ng5 Bc6 26. Rh1 Rg8 27. Rh7 Rg7 28. Rbh1 Qe7 29. Rxg7 Bxg7 30. Rh7 f5 31. Rxg7 1-0

[Event "Alonso Leira Memorial 1st"]
[Site "Ferrol"]
[Date "2000.12.28"]
[Round "2"]
[White "Abella Vazquez, Carlos Manuel"]
[Black "Guerra Bastida, Diego"]
[Result "1/2-1/2"]
[WhiteElo "2203"]
[BlackElo "2305"]
[PlyCount "96"]
[EventDate "2000.12.27"]
[EventType "tourn"]
[EventRounds "9"]
[EventCountry "ESP"]
[EventCategory "3"]
[SourceTitle "EXT 2002"]
[Source "ChessBase"]
[SourceDate "2001.11.25"]
[SourceVersion "1"]
[SourceVersionDate "2001.11.25"]
[SourceQuality "1"]

1. e4 c5 2. Nc3 Nc6 3. Nf3 d6 4. d4 cxd4 5. Nxd4 Nf6 6. Bc4 Qb6 7. Nb3 e6 8. Be3 Qc7 9. f4 a6 10. Qf3 Nd4 11. Bxd4 Qxc4 12. 0-0-0 Bd7 13. Rhe1 Rc8 14. Bb6 e5 15. f5 a5 16. Bxa5 Ba4 17. Qd3 Bxb3 18. axb3 Qxd3 19. Rxd3 g6 20. Bb4 Rc6 21. Nd5 Nxd5 22. Rxd5 gxf5 23. exf5 Rg8 24. Re2 Kd7 25. Rd3 Ra6 26. c4 Ra1+ 27. Kc2 Kc6 28. Red2 Rf1 29. Rh3 h6 30. Rh5 e4 31. Re2 e3 32. g3 Bg7 33. Bc3 Bxc3 34. bxc3 Re8 35. Rxh6 Ra1 36. Rh4 Rf1 37. Rd4 Rxf5 38. Kd3 Rfe5 39. g4 f6 40. h4 Rh8 41. Rxe3 Rxh4 42. Rf4 Rg5 43. Ree4 Re5 44. Rxe5 fxe5 45. Re4 Rh1 46. Ke2 Rh2+ 47. Ke3 Rh3+ 48. Kd2 Rg3 1/2-1/2

[Event "La Coruna op"]
[Site "La Coruna"]
[Date "1998.??.??"]
[Round "?"]
[White "Abella Vazquez, Carlos Manuel"]
[Black "Fernando, Diogo"]
[Result "1/2-1/2"]
[WhiteElo "2180"]
[BlackElo "2185"]
[PlyCount "47"]
[EventDate "1998.07.??"]
[EventType "swiss"]
[EventRounds "9"]
[EventCountry "ESP"]
[SourceTitle "EXT 2000"]
[Source "ChessBase"]
[SourceDate "1999.11.16"]
[SourceVersion "1"]
[SourceVersionDate "1999.11.16"]
[SourceQuality "1"]

1. e4 c5 2. Nf3 d6 3. d4 cxd4 4. Nxd4 Nf6 5. Nc3 Nc6 6. Bc4 e6 7. Be3 a6 8. Qe2 Be7 9. 0-0-0 0-0 10. Bb3 Qc7 11. g4 Nxd4 12. Rxd4 e5 13. Rc4 Qd8 14. Rxc8 Rxc8 15. Nd5 Nxd5 16. Bxd5 Rb8 17. Kb1 Bg5 18. h4 Bxh4 19. Qd2 g5 20. Rxh4 gxh4 21. Bg5 Qd7 22. f3 Kg7 23. Bh6+ Kh8 24. Bg7+ 1/2-1/2

[Event "La Coruna op"]
[Site "La Coruna"]
[Date "1998.??.??"]
[Round "?"]
[White "Abella Vazquez, Carlos Manuel"]
[Black "Guerra Bastida, Diego"]
[Result "1-0"]
[WhiteElo "2180"]
[BlackElo "2295"]
[PlyCount "105"]
[EventDate "1998.07.??"]
[EventType "swiss"]
[EventRounds "9"]
[EventCountry "ESP"]
[SourceTitle "EXT 2000"]
[Source "ChessBase"]
[SourceDate "1999.11.16"]
[SourceVersion "1"]
[SourceVersionDate "1999.11.16"]
[SourceQuality "1"]

1. e4 e6 2. d4 d5 3. Nc3 Bb4 4. e5 Ne7 5. Bd2 0-0 6. Qh5 f5 7. a3 Bxc3 8. Bxc3 Qe8 9. Qg5 b6 10. Nh3 Ng6 11. Be2 Qd8 12. Qh5 Qh4 13. Qxh4 Nxh4 14. g3 Ng6 15. f4 c5 16. b4 cxd4 17. Bxd4 Nc6 18. c3 Bd7 19. Kd2 Rac8 20. Rhc1 Rc7 21. Ng5 Rfc8 22. Ba6 Nxd4 23. cxd4 Rxc1 24. Rxc1 Rxc1 25. Kxc1 b5 26. Kb2 Ne7 27. a4 bxa4 28. b5 h6 29. Nf3 Kf8 30. Ka3 Ke8 31. Kxa4 Kd8 32. Kb4 Kc7 33. Kc5 Be8 34. Ne1 Bh5 35. h4 Ng6 36. Nd3 Nf8 37. Kb4 Be8 38. Nc5 Bd7 39. Bb7 Be8 40. Ba8 Bd7 41. Ka5 Be8 42. Na6+ Kd8 43. Bc6 Bxc6 44. bxc6 Ng6 45. Nc5 Nf8 46. Kb5 Kc7 47. Na6+ Kd8 48. Kc5 Ke7 49. Nb8 Kd8 50. Kd6 Kc8 51. c7 Kb7 52. Nc6 a5 53. Ne7 1-0

[Event "La Coruna op"]
[Site "La Coruna"]
[Date "1998.??.??"]
[Round "?"]
[White "Abella Vazquez, Carlos Manuel"]
[Black "Roa Alonso, Santiago"]
[Result "0-1"]
[WhiteElo "2180"]
[BlackElo "2360"]
[PlyCount "98"]
[EventDate "1998.07.??"]
[EventType "swiss"]
[EventRounds "9"]
[EventCountry "ESP"]
[SourceTitle "EXT 2000"]
[Source "ChessBase"]
[SourceDate "1999.11.16"]
[SourceVersion "1"]
[SourceVersionDate "1999.11.16"]
[SourceQuality "1"]

1. e4 e5 2. Nc3 Nf6 3. Nf3 Nc6 4. g3 d5 5. exd5 Nxd5 6. Bg2 Nxc3 7. bxc3 Be7 8. d3 0-0 9. 0-0 f5 10. Rb1 f4 11. Qe2 Bd6 12. d4 exd4 13. cxd4 Kh8 14. d5 Ne7 15. Ne5 Ng6 16. Nxg6+ hxg6 17. Rb3 a5 18. g4 a4 19. Rh3+ Kg8 20. Qe4 Qg5 21. Rg3 Bd7 22. h3 Rae8 23. Qc4 Qe5 24. Rf3 g5 25. Ba3 b5 26. Bxd6 cxd6 27. Qb4 Re7 28. Rd3 Rc8 29. Rd2 Rc4 30. Qb1 Qc3 31. Qd1 Re5 32. Bf3 Kf8 33. Kg2 Rc8 34. Rh1 Rce8 35. Rd3 Qa5 36. Qd2 Qxd2 37. Rxd2 Re1 38. Rd1 Rxh1 39. Kxh1 Rc8 40. Be4 Rc3 41. Kg2 Ra3 42. Ra1 Kf7 43. Bd3 Kf6 44. Rb1 Rxa2 45. c4 bxc4 46. Bxc4 Rc2 47. Rb7 Bc8 48. Rb4 a3 49. Ra4 Bd7 0-1

[Event "Benasque op 17th"]
[Site "Benasque"]
[Date "1997.??.??"]
[Round "3"]
[White "Izeta Txabarri, Felix"]
[Black "Abella Vazquez, Carlos Manuel"]
[Result "1-0"]
[WhiteElo "2490"]
[BlackElo "2165"]
[PlyCount "71"]
[EventDate "1997.07.??"]
[EventType "swiss"]
[EventRounds "9"]
[EventCountry "ESP"]
[SourceTitle "EXT 1998"]
[Source "ChessBase"]
[SourceDate "1997.11.17"]
[SourceVersion "1"]
[SourceVersionDate "1997.11.17"]
[SourceQuality "1"]

1. d4 Nf6 2. Nf3 g6 3. c4 Bg7 4. g3 0-0 5. Bg2 d6 6. Nc3 Nc6 7. 0-0 a6 8. d5 Na5 9. Nd2 c5 10. Qc2 Rb8 11. b3 b5 12. Bb2 e5 13. Rae1 Nh5 14. e3 f5 15. Ne2 Bd7 16. f4 e4 17. Bxg7 Nxg7 18. g4 bxc4 19. bxc4 Be8 20. Qc3 Rf7 21. Kh1 Rfb7 22. Rg1 Rb4 23. gxf5 gxf5 24. Bxe4 Bg6 25. Bb1 Rb2 26. Ng3 Kf7 27. Nxf5 Nxf5 28. Bxf5 Qf6 29. Bxg6+ hxg6 30. Qxa5 Rxd2 31. Qxd2 Rb2 32. Qd3 Rxh2+ 33. Kxh2 Qh4+ 34. Kg2 Qg4+ 35. Kf2 Qh4+ 36. Rg3 1-0

[Event "La Coruna op"]
[Site "La Coruna"]
[Date "1996.??.??"]
[Round "?"]
[White "Abella Vazquez, Carlos Manuel"]
[Black "Piankov, Evgenij"]
[Result "1/2-1/2"]
[WhiteElo "2185"]
[BlackElo "2415"]
[PlyCount "135"]
[EventDate "1996.07.??"]
[EventType "swiss"]
[EventRounds "9"]
[EventCountry "ESP"]
[SourceTitle "EXT 1997"]
[Source "ChessBase"]
[SourceDate "1996.11.15"]
[SourceVersion "1"]
[SourceVersionDate "1996.11.15"]
[SourceQuality "1"]

1. e4 c6 2. d4 g6 3. Be3 d5 4. e5 Nh6 5. Qd2 Nf5 6. Bf4 Qb6 7. c3 Nd7 8. Nf3 e6 9. Be2 Bg7 10. 0-0 h6 11. g4 Ne7 12. b4 a5 13. a4 axb4 14. cxb4 h5 15. h3 Ng8 16. b5 hxg4 17. hxg4 Bh6 18. a5 Qd8 19. Rc1 c5 20. dxc5 Nxe5 21. g5 Nxf3+ 22. Bxf3 Bg7 23. Ra4 Ne7 24. Re1 Bd7 25. Qb4 Rh4 26. a6 bxa6 27. c6 Bc8 28. Qc5 Rxf4 29. Rxf4 axb5 30. Nc3 Qc7 31. Rf6 b4 32. Nb5 Qd8 33. Nd6+ Kf8 34. Rxf7+ Kg8 35. Nb7 Bxb7 36. cxb7 Kxf7 37. bxa8Q Qxa8 38. Qxb4 Qc6 39. Qf4+ Nf5 40. Rc1 Qd6 41. Rc7+ Kg8 42. Rc8+ Bf8 43. Qxd6 Nxd6 44. Rc7 Nb5 45. Rd7 Ba3 46. Bg4 Nd4 47. Kg2 Bc1 48. Kg3 Bxg5 49. f4 Bf6 50. Kf2 Kf8 51. Ke3 Ke8 52. Rh7 Nf5+ 53. Bxf5 gxf5 54. Rb7 Be7 55. Kd4 Bd6 56. Ke3 Kd8 57. Rh7 Bc5+ 58. Kd3 Bd6 59. Ke3 d4+ 60. Kxd4 Bxf4 61. Rb7 Bc7 62. Kc5 Kd7 63. Ra7 e5 64. Kd5 e4 65. Ra2 e3 66. Re2 Bf4 67. Kd4 Ke6 68. Rxe3+ 1/2-1/2

[Event "La Coruna op"]
[Site "La Coruna"]
[Date "1996.??.??"]
[Round "?"]
[White "Baron Rodriguez, Jesus"]
[Black "Abella Vazquez, Carlos Manuel"]
[Result "1-0"]
[WhiteElo "2270"]
[BlackElo "2185"]
[PlyCount "77"]
[EventDate "1996.07.??"]
[EventType "swiss"]
[EventRounds "9"]
[EventCountry "ESP"]
[SourceTitle "EXT 1997"]
[Source "ChessBase"]
[SourceDate "1996.11.15"]
[SourceVersion "1"]
[SourceVersionDate "1996.11.15"]
[SourceQuality "1"]

1. e4 e6 2. d4 d5 3. Nd2 c5 4. exd5 Qxd5 5. Ngf3 cxd4 6. Bc4 Qd6 7. 0-0 Nf6 8. Nb3 Nc6 9. Nbxd4 Nxd4 10. Nxd4 Bd7 11. b3 0-0-0 12. a4 Qc7 13. Qe2 h5 14. Nb5 Bxb5 15. axb5 Ng4 16. g3 Bc5 17. Bg5 Rde8 18. Rad1 Qe5 19. Qxe5 Nxe5 20. Be2 h4 21. Bf4 f6 22. Bxe5 fxe5 23. Bg4 hxg3 24. hxg3 Rh6 25. Kg2 Rf6 26. Rde1 Ref8 27. f3 Rd8 28. Rxe5 Rd2+ 29. Kh3 Rh6+ 30. Rh5 Rxh5+ 31. Bxh5 Rxc2 32. Bg4 Kd8 33. Bxe6 Ke7 34. Bc4 Rc3 35. Kg4 Kf6 36. Rd1 Re3 37. f4 Re7 38. Rd5 Bf2 39. Rd6+ 1-0